000 00485nam a2200181Ia 4500
008 090123s9999 xx 000 0 und d
082 _b9542
_a891.463/नंदा
100 _aनंदा गुलशन
245 _aकांचन
250 _a1
260 _bमनोरंजन
_c1974
300 _a148
600 _aनंदा गुलशन
630 _aकांचन
700 _aनंदा गुलशन
730 _aकांचन
942 _cBOOK
999 _c47607
_d47607